| 000 | 00360nam a22001337a 4500 | ||
|---|---|---|---|
| 008 | 250407b |||||||| |||| 00| 0 eng d | ||
| 020 | _a0534094384 | ||
| 050 |
_aHJ192 _b.S74 |
||
| 100 | _aSTEISS Alan Walter | ||
| 245 | _aFinancial Management in Public Organization | ||
| 260 |
_aUSA. _bBtooks/Cole Publishing Company _c1989 |
||
| 300 | _axv, 245p. | ||
| 942 | _cBK | ||
| 999 |
_c2910 _d2910 |
||